| 000 | 00547nam a2200205Ia 4500 | ||
|---|---|---|---|
| 008 | 220204s9999 xx 000 0 und d | ||
| 082 |
_a577.1 _bCHA |
||
| 100 | _aCHAYKIN, Sterling | ||
| 245 | 0 | _aBiochemistry laboratory techniques | |
| 260 |
_aNew York _bRobert E Krieger _c1977 |
||
| 650 | _aBacterial genetics | ||
| 650 | _aBiochemistry | ||
| 650 | _aCarbohydrate | ||
| 650 | _aGel filtration | ||
| 650 | _aGlass blowing | ||
| 650 | _aProtein determination | ||
| 650 | _aSephadex | ||
| 650 | _aYeat alchol dehydrogenase | ||
| 942 | _cBK | ||
| 999 |
_c32410 _d32410 |
||